Population ecology and harvesting sustainability of Neopicrorhiza Scrophulariiflora in Nepal Himalaya/ (Record no. 115436)
[ view plain ]
| 000 -LEADER | |
|---|---|
| fixed length control field | 00739nam a22001817a 4500 |
| 008 - FIXED-LENGTH DATA ELEMENTS--GENERAL INFORMATION | |
| fixed length control field | 240712b |||||||| |||| 00| 0 eng d |
| 041 ## - LANGUAGE CODE | |
| Language code of text/sound track or separate title | Eng. |
| 082 ## - DEWEY DECIMAL CLASSIFICATION NUMBER | |
| Classification number | 581.634 |
| Item number | P861p |
| 100 ## - MAIN ENTRY--PERSONAL NAME | |
| Personal name | Poudeyal, Mukti Ram |
| 245 ## - TITLE STATEMENT | |
| Title | Population ecology and harvesting sustainability of Neopicrorhiza Scrophulariiflora in Nepal Himalaya/ |
| Statement of responsibility, etc. | Mukti Ram Poudeyal. |
| 260 ## - PUBLICATION, DISTRIBUTION, ETC. | |
| Place of publication, distribution, etc. | Kirtipur: |
| Name of publisher, distributor, etc. | Central department of Botany, institute of Science and Technology, |
| Date of publication, distribution, etc. | 2024. |
| 300 ## - PHYSICAL DESCRIPTION | |
| Extent | xxi,134p.:ill. |
| 502 ## - DISSERTATION NOTE | |
| Dissertation note | Ph.D. in Botany |
| Name of granting institution | Central department of Botany, Institute of Science and Technology |
| Year degree granted | 2024 |
| 650 ## - SUBJECT ADDED ENTRY--TOPICAL TERM | |
| Topical term or geographic name entry element | Medicinal Plant - Nepal |
| 700 ## - ADDED ENTRY--PERSONAL NAME | |
| Personal name | Ghimire, Suresh Kumar (Supervisor) |
| 700 ## - ADDED ENTRY--PERSONAL NAME | |
| Personal name | Meilby, Henrik (co- supervisor) |
| 942 ## - ADDED ENTRY ELEMENTS (KOHA) | |
| Source of classification or shelving scheme | Dewey Decimal Classification |
| Koha item type | Theses and Dissertations |
| Withdrawn status | Lost status | Source of classification or shelving scheme | Damaged status | Not for loan | Home library | Current library | Date acquired | Total Checkouts | Full call number | Barcode | Date last seen | Price effective from | Koha item type |
|---|---|---|---|---|---|---|---|---|---|---|---|---|---|
| Dewey Decimal Classification | Tribhuvan University Central Library | Tribhuvan University Central Library | 07/12/2024 | 581.634 P861p | D14605 | 07/12/2024 | 07/12/2024 | Theses and Dissertations |
